000 00599nam a2200157Ia 4500
008 230921s9999||||xx |||||||||||||| ||und||
020 _a978-3-319-96589-5
041 _aEN
100 _aAntonio Trinidad Requena, Rosa M. Soriano-Miras, Marlene SolĂ­s, Kathryn Kopinak
245 0 _aLocalized Global Economies on the Northern Borderlands of Mexico and Morocco
250 _a1st ed. 2019
260 _c2019
_bSpringer International Publishing
856 _uhttps://doi.org/10.1007/978-3-319-96589-5
856 _uhttps://link.springer.com/openurl?genre=book&isbn=978-3-319-96589-5
942 _cEB
999 _c253556
_d253556